000 00217 a2200109 4500
020 _a078073003990
041 _aspa
100 _aTeddy Margulies
245 _aClifford el conejo fujitivo
942 _cBK
952 _74
999 _c20092
_d20092